Largest Cities In The German Empire 1871-1890 - Statistics

General Stats
  • This quiz has been taken 146 times
  • The average score is 42 of 60
Answer Stats
City 1871 Pop % Growth % Correct
Berlin 826,341 50.9
99%
Berlin 1,122,330 35.8
99%
Berlin 1,578,794 40.7
99%
Hamburg 240,251 34.3
97%
Hamburg 289,859 20.6
97%
Hamburg 323,923 11.8
97%
München 169,693 14.5
96%
München 230,023 35.6
96%
München 349,024 51.7
96%
Frankfurt am Main 91,040 27.2
91%
Frankfurt am Main 136,831 50.3
91%
Frankfurt am Main 179,985 31.5
91%
Köln 129,233 7.2
90%
Köln 144,772 12.0
90%
Köln 281,681 94.6
90%
Dresden 177,089 38.2
88%
Dresden 220,818 24.7
88%
Dresden 276,522 25.2
88%
Bremen 82,969 23.9
84%
Bremen 112,453 35.5
84%
Bremen 125,684 11.8
84%
Stuttgart 91,623 49.4
83%
Stuttgart 117,303 28.0
83%
Stuttgart 139,817 19.2
83%
Leipzig 106,925 36.2
82%
Leipzig 149,081 39.4
82%
Leipzig 295,025 97.9
82%
Düsseldorf 95,458 37.6
77%
Düsseldorf 144,642 51.5
77%
Hannover 163,593 33.2
76%
Hanover 87,626 45.8
76%
Hanover 122,843 40.2
76%
Nürnberg 83,214 43.3
73%
Nürnberg 99,519 19.6
73%
Nürnberg 142,590 43.3
73%
Königsberg 112,092 37.0
68%
Königsberg 140,909 25.7
68%
Königsberg 161,666 14.7
68%
Breslau 207,997 34.5
67%
Breslau 272,912 31.2
67%
Breslau 335,186 22.8
67%
Danzig 89,121 14.1
61%
Danzig 108,551 21.8
61%
Danzig 120,338 10.9
61%
Stettin 76,280 30.4
54%
Magdeburg 84,401 23.0
52%
Magdeburg 97,539 15.6
52%
Magdeburg 202,234 107.3
52%
Straßburg 85,654 4.4
46%
Straßburg 104,471 22.0
46%
Straßburg 123,500 18.2
46%
Chemnitz 95,123 39.4
42%
Chemnitz 138,954 46.1
42%
Aachen 74,146 26.6
39%
Altona 74,100 62.8
13%
Altona 143,249 57.3
13%
Barmen 74,384 48.8
11%
Barmen 95,941 29.0
11%
Elberfeld 93,538 31.0
11%
Elberfeld 125,899 34.6
11%
No matching quizzes found
Score Distribution
Percent of People with Each Score
Percentile by Number Answered
Your Score History
You have not taken this quiz